Enseñar Matemática hoy: miradas, sentidos y desafíos

Saved in:
Bibliographic Details
Main Author: Sadovsky, Patricia (Author)
Format: Book
Language:Spanish
Published: Buenos Aires Libros del Zorzal 2005
Edition:1a. ed
Series:Formación Docente. Matemática, 1
Subjects:
Tags: Add Tag
No Tags, Be the first to tag this record!

MARC

LEADER 00000cam a2200000 a 4500
001 UCE1043
003 CL-VaPUC
008 140324e20050000ag |||||||||||||||||spa|d
020 |a 9871081707 
082 0 4 |a 510.1  |b SAD  |2 21 
100 0 |a Sadovsky, Patricia  |e author  |9 573416 
245 1 0 |a Enseñar Matemática hoy: miradas, sentidos y desafíos 
250 |a 1a. ed 
300 |a 128 p 
942 |c BK 
945 |d 20140324 12:18:00  |a dcastane 
260 |a Buenos Aires  |b Libros del Zorzal  |c 2005 
650 0 |a Filosofía de las matemáticas   |9 265233 
650 0 |a Matemáticas  |x Enseñanza  |9 875527 
583 |a last modification  |c 20140324 12:18:00  |k Rodrigo Vera 
490 0 |a Formación Docente. Matemática, 1 
999 |c 354985  |d 354983 
952 |0 0  |1 0  |3 erb  |4 0  |6 510_100000000000000_SAD_2005  |7 0  |8 A  |9 461238  |a BIBMAT  |b BIBMAT  |i 5063051  |o 510.1 SAD 2005  |p 5063051  |r 2025-01-07  |w 2019-11-23  |y BK  |z Catalogado en:20140324  |k MAT